000 00597nam a22001937a 4500
005 20251108173502.0
008 250721s1998 xx 000 0 ara d
082 1 4 _aط/956.669/مبا
100 1 _aالمبارك، هاني
245 1 0 _aصلاح الدين الأيوبي /
264 1 _aدمشق :
_bدار الفكر،
_c1998.
300 _a16ص.
490 0 _aاحب أن أعرف اعلام أمتي
650 1 7 _aالتاريخ الأسلامي
650 1 7 _aالأيوبيون 1252-1174
653 _aناشئون صغار (10-14 سنة )
942 _2ddc
_cBK
999 _c105026
_d105026